000 01033cas a22002175a 4500
001 L144722
008 080806c2008 xxkar ps ss 0 a0eng d
035 _a(Sirsi) u144722
041 0 _aeng
050 _a333.32 $2 18
110 2 _aInvestment Property Databank
_92288
245 0 0 _aProperty Council/IPD New Zealand property index
_h[electronic resource]
260 _aLondon
_bIPD
_c2008-
520 _aThe Property Council/IPD New Zealand property index measures the returns to directly held standing property investments from one open market valuation to the next. Additional indices are calculated covering the major sectors of the New Zealand property market. Data is presented using graphs and tables of comparative statistics.
554 _aAnnual
650 2 4 _aPROPERTY COUNCIL/IPD NEW ZEALAND PROPERTY INDEX
651 4 _aNew Zealand
_y1947-
690 _aPROPERTY-COMMERCIAL PROPERTY-COMMERCIAL PROPERTY MARKET
856 4 0 _uhttps://www.ipd.com
_zView the item free of charge online at www.ipd.com...
942 _n0
999 _c119198
_d119198